000 00216nam a22000857a 4500
008 160712b xxu||||| |||| 00| 0 eng d
100 _92707
_aNCERT
245 _aScience Bonanza-X
260 _aNew Delhi
_bAI Publication
_c2009
999 _c2350
_d2350